[Event "Druzynowe Mistrzostwa Polski Juniorow - II liga"]
[Site "Sypniewo k. Jastowia"]
[Date "2024-06-17"]
[Round "9.52"]
[White "Slys, Jan"]
[Black "Tanski, Jakub"]
[Result "1-0"]
[WhiteTitle "II"]
[BlackTitle "III"]
[WhiteElo "1625"]
[BlackElo "1416"]

1. e4 c5 2. Nf3 d6 3. d4 cxd4 4. Nxd4 Nf6 5. Nc3 a6 6. f3 e6 7. Be3 b5 8. a3 Bb7
9. Qd2 Be7 10. Be2 Nbd7 11. O-O-O Rc8 12. g4 h6 13. h4 Nb6 14. g5 hxg5 15. hxg5
Rxh1 16. Rxh1 Nfd7 17. g6 e5 18. Nf5 Bf8 19. Nxd6+ Bxd6 20. Qxd6 Nf8 21. Qxd8+
Rxd8 22. Bxb6 Rc8 23. gxf7+ Kxf7 24. Rd1 Rc6 25. Be3 Ke6 26. Nd5 Nd7 27. Rg1 Kf7
28. c3 Nc5 29. Bxc5 Rxc5 30. Ne3 Rc6 31. Kc2 Re6 32. c4 Rc6 33. b3 bxc4 34. Bxc4+
Kf8 35. Kd3 Rd6+ 36. Bd5 Bxd5 37. Nxd5 Rd8 38. b4 Kf7 39. Rc1 Rd6 40. Rc7+ Kg6
41. Rc6 Rxc6 42. Ne7+ Kf6 43. Nxc6 Ke6 44. Nb8 a5 45. bxa5 Kd6 46. a6 Kc7 47.
a7 Kb7 48. Nd7 Kxa7 49. Nxe5 Ka6 50. Kc4 Ka5 51. Kb3 Kb5 52. a4+ Ka5 53. Nc4+
Ka6 54. Kb4 Ka7 55. Kb5 Ka8 1-0

[Event "Druzynowe Mistrzostwa Polski Juniorow - II liga"]
[Site "Sypniewo k. Jastowia"]
[Date "2024-06-17"]
[Round "9.53"]
[White "Woytitzki, Maja"]
[Black "Kucia, Kinga"]
[Result "1-0"]
[WhiteTitle "I"]
[BlackTitle "I"]
[WhiteElo "1544"]
[BlackElo "1550"]

1. d4 d5 2. Nf3 e6 3. g3 h6 4. Bg2 Nf6 5. c4 Bd6 6. O-O O-O 7. Nbd2 Nc6 8. a3 a5
9. Re1 Ne4 10. e3 f5 11. Qc2 Be7 12. b3 g5 13. h3 Qe8 14. Bb2 Bd7 15. Nh2 h5 16.
Nxe4 fxe4 17. f3 exf3 18. Bxf3 dxc4 19. bxc4 Bd6 20. Kg2 h4 21. Ng4 Bxg3 22. Rf1
Nd8 23. Be4 Qe7 24. Bh7+ Kh8 25. Rxf8+ Qxf8 26. d5+ e5 27. Nxe5 1-0

[Event "Druzynowe Mistrzostwa Polski Juniorow - II liga"]
[Site "Sypniewo k. Jastowia"]
[Date "2024-06-17"]
[Round "9.54"]
[White "Uliasz, Lena"]
[Black "Woytitzki, Sophie"]
[Result "0-1"]
[WhiteTitle "II+"]
[BlackTitle "I"]
[WhiteElo "1599"]
[BlackElo "1583"]

1. e4 e5 2. Nf3 Nc6 3. Bc4 Nf6 4. d3 Bc5 5. Nc3 d6 6. h3 a6 7. a3 Be6 8. Bxe6 fxe6
9. O-O O-O 10. Re1 Qe7 11. Bg5 Qf7 12. Be3 Bxe3 13. fxe3 Qg6 14. Nh4 Qh6 15. Nf3
Nh5 16. Qd2 Rf6 17. Nh2 Qg5 18. Rf1 Raf8 19. Rxf6 Rxf6 20. Rf1 Rxf1+ 21. Nxf1
Ne7 22. Qe2 Ng3 23. Nxg3 Qxg3 24. d4 exd4 25. exd4 Ng6 26. Qf2 Qg5 27. Ne2 Qd2
28. d5 exd5 29. exd5 Qxd5 30. Nc3 Qe5 31. Qa7 Qc5+ 32. Qxc5 dxc5 33. Nd5 c6 34.
Nb6 Ne5 35. b3 Kf7 36. Nc8 Ke6 37. Nb6 Kd6 38. a4 a5 39. Kf2 c4 40. Ke3 cxb3 41.
cxb3 Kc5 42. Ke4 Kxb6 43. Kxe5 Kc5 44. Ke6 Kb4 45. Kf7 Kxb3 46. Kxg7 c5 47. Kxh7
c4 48. g4 c3 49. h4 c2 50. g5 c1=Q 51. Kg6 Qf4 52. h5 Qf8 53. Kh7 Qf7+ 54. Kh6
Qg8 55. g6 Kxa4 56. g7 b5 57. Kg6 b4 58. h6 b3 59. h7 Qxh7+ 60. Kxh7 b2 0-1

[Event "Druzynowe Mistrzostwa Polski Juniorow - II liga"]
[Site "Sypniewo k. Jastowia"]
[Date "2024-06-17"]
[Round "9.55"]
[White "Zmarzly, Wiktor"]
[Black "Jankowski, Franciszek"]
[Result "1-0"]
[WhiteTitle "I+"]
[BlackTitle "I"]
[WhiteElo "1891"]
[BlackElo "1710"]

1. e4 c5 2. Nf3 e6 3. d4 cxd4 4. Nxd4 Nf6 5. Nc3 Nc6 6. Bf4 Bb4 7. Ndb5 Nxe4 8.
Qf3 d5 9. Nc7+ Kf8 10. Nxa8 e5 11. Bd2 Nd4 12. Qd1 Qh4 13. g3 Qf6 14. Nxe4 Nf3+
15. Qxf3 Qxf3 16. Bxb4+ Kg8 17. Nd6 Qxh1 18. O-O-O Be6 19. Nc7 Qf3 20. Nxe6 fxe6
21. Bh3 Qf6 22. f4 Qh6 23. Bg4 Qg6 24. Bf3 a5 25. f5 Qg5+ 26. Bd2 Qe7 27. Nc8
Qc5 28. fxe6 Qxc8 29. Bxd5 h6 30. Bxa5 Qc5 31. Bc3 g6 32. Bb3 Rh7 33. e7+ 1-0

[Event "Druzynowe Mistrzostwa Polski Juniorow - II liga"]
[Site "Sypniewo k. Jastowia"]
[Date "2024-06-17"]
[Round "9.56"]
[White "Leszczewicz, Karol"]
[Black "Jania, Kamil"]
[Result "1-0"]
[WhiteTitle "I+"]
[BlackTitle "II"]
[WhiteElo "1668"]
[BlackElo "1446"]

1. e4 c6 2. d4 d5 3. e5 Bf5 4. Nf3 e6 5. a3 c5 6. c4 cxd4 7. Nxd4 Bxb1 8. Rxb1
dxc4 9. Bxc4 Qa5+ 10. Kf1 Qxe5 11. Bb5+ Nd7 12. Bxd7+ Kxd7 13. Qa4+ Kc7 14. Bf4
Qxf4 15. Nb5+ Kb6 16. Qxf4 Kxb5 17. Rc1 Nf6 18. Qc4+ Kb6 19. Qc7+ Ka6 20. b4 b6
21. Qc4+ Kb7 22. Qc6+ Ka6 23. Qxa8 Nd5 24. Rc8 Kb5 25. Rxf8 Rxf8 26. Qxf8 Ka4
27. Qxf7 1-0

[Event "Druzynowe Mistrzostwa Polski Juniorow - II liga"]
[Site "Sypniewo k. Jastowia"]
[Date "2024-06-17"]
[Round "9.57"]
[White "Reterski, Wiktor"]
[Black "Ladon, Tymoteusz"]
[Result "1-0"]
[WhiteTitle "II+"]
[BlackTitle "II+"]
[WhiteElo "1666"]
[BlackElo "1596"]

1. d4 Nf6 2. c4 g6 3. Nc3 Bg7 4. Nf3 d6 5. Bg5 Nbd7 6. e3 h6 7. Bh4 O-O 8. Be2
b6 9. O-O Bb7 10. Qc2 g5 11. Bg3 e6 12. b4 Nh5 13. Nd2 Nxg3 14. hxg3 f5 15. Bf3
Bxf3 16. Nxf3 Qf6 17. Rfd1 Rac8 18. Nb5 e5 19. dxe5 Nxe5 20. Nxe5 Qxe5 21. Nxc7
f4 22. exf4 gxf4 23. Re1 Qh5 24. Rad1 fxg3 25. fxg3 Be5 26. Qd3 Qg4 27. Re4 Qf5
28. Rf1 Qg6 29. Rxf8+ Rxf8 30. Nd5 Rf7 31. Qe3 Bxg3 32. Qe2 Bf2+ 33. Kh1 h5 34.
Re8+ Kh7 35. Qb2 Qg7 36. Qc2+ Kh6 37. Qd2+ Kg6 38. Qd3+ Rf5 39. Rg8 Qxg8 40. Ne7+
Kf7 41. Nxg8 Rf4 42. Qd5+ Kg7 43. Qg5+ 1-0

[Event "Druzynowe Mistrzostwa Polski Juniorow - II liga"]
[Site "Sypniewo k. Jastowia"]
[Date "2024-06-17"]
[Round "9.58"]
[White "Wiekiera, Tomasz"]
[Black "Wasilewski, Mateusz"]
[Result "0-1"]
[WhiteTitle "II"]
[BlackTitle "II"]
[WhiteElo "1561"]
[BlackElo "1615"]

1. d4 Nf6 2. c4 e5 3. dxe5 Ng4 4. Bf4 Nc6 5. Nf3 Bb4+ 6. Nbd2 Qe7 7. e3 Ngxe5 8.
Nxe5 Nxe5 9. Be2 d6 10. O-O Bxd2 11. Qxd2 Ng6 12. Bg3 h5 13. h3 h4 14. Bh2 Be6
15. b4 O-O-O 16. Qc3 Ne5 17. c5 f6 18. f4 Nf7 19. f5 Bd5 20. Rac1 dxc5 21. bxc5
Ng5 22. Bf3 Bxf3 23. gxf3 Nxh3+ 24. Kg2 Ng5 25. Bf4 Qd7 26. e4 Qd3 27. Qa5 Qe2+
28. Rf2 h3+ 29. Kg3 Nxe4+ 30. fxe4 Rd3+ 0-1

[Event "Druzynowe Mistrzostwa Polski Juniorow - II liga"]
[Site "Sypniewo k. Jastowia"]
[Date "2024-06-17"]
[Round "9.59"]
[White "Gorecka, Laura"]
[Black "Pastuszko, Katarzyna"]
[Result "0-1"]
[WhiteTitle "I"]
[BlackTitle "I++"]
[WhiteElo "1529"]
[BlackElo "1586"]

1. e4 e5 2. Nf3 Nc6 3. Bb5 Nge7 4. Nc3 g6 5. Nd5 Bg7 6. d4 exd4 7. Bg5 O-O 8. Bxc6
f6 9. Nxe7+ Qxe7 10. Bd5+ Kh8 11. Bd2 c6 12. Bc4 d5 13. Be2 dxe4 14. Nxd4 f5 15.
Bc3 Rd8 16. O-O c5 17. Qd2 cxd4 18. Rad1 Be6 19. Bb4 Qh4 20. Bc5 f4 21. Qb4 f3
22. gxf3 Be5 23. f4 Qxf4 24. Rfe1 Qxh2+ 25. Kf1 Qh1# 0-1

[Event "Druzynowe Mistrzostwa Polski Juniorow - II liga"]
[Site "Sypniewo k. Jastowia"]
[Date "2024-06-17"]
[Round "9.60"]
[White "Ksionek, Joanna"]
[Black "Sieczkowska, Hanna"]
[Result "1/2-1/2"]
[WhiteTitle "II"]
[BlackTitle "II+"]
[WhiteElo "1456"]
[BlackElo "1412"]

1. e4 c5 2. Nc3 a6 3. f4 b5 4. a3 Bb7 5. d3 Nf6 6. Be3 e6 7. Nf3 Be7 8. g3 O-O
9. Bg2 c4 10. O-O d5 11. e5 Ng4 12. Bd4 Nc6 13. Qd2 Nxd4 14. Nxd4 Qb6 15. Nce2
Bc5 16. c3 a5 17. Bf3 Nh6 18. Kg2 b4 19. dxc4 bxa3 20. bxa3 dxc4 21. Rab1 Bxf3+
22. Kxf3 Qa7 23. Nb5 Qe7 24. a4 Nf5 25. Ned4 Nxd4+ 26. Nxd4 Rfd8 27. Rfd1 Rd5
28. Nc6 Qc7 29. Nd4 Rad8 30. g4 Bxd4 31. cxd4 Qc6 32. Kg3 Qxa4 33. Qc3 Rb5 34.
Rxb5 Qxb5 35. Kh4 Qb4 36. Rc1 Rc8 37. f5 Qxc3 38. Rxc3 Kf8 39. fxe6 fxe6 40. Kg5
Ke7 41. h4 Rc6 42. h5 Kf7 43. h6 g6 44. Rf3+ Ke7 45. Rc3 a4 46. Kf4 Kd7 47. Kg5
Ke7 48. Kf4 Rc7 49. Kg5 Ra7 50. Rxc4 a3 51. Rc1 a2 52. Ra1 Ra4 53. Kh4 Kd7 54.
Kg5 Kc6 55. Kf6 Kd5 56. Kg7 Ra7+ 57. Kf6 g5 58. Kxg5 Kxd4 59. Kf6 Kd5 60. g5 Ra4
61. g6 hxg6 62. Kxg6 Kxe5 63. h7 Ra8 64. Kg7 Kf4 65. h8=Q Rxh8 66. Kxh8 e5 67.
Rxa2 Kf3 68. Ra3+ Kf4 69. Ra8 e4 70. Rf8+ Kg3 71. Rg8+ Kf3 72. Kh7 e3 73. Kh6
e2 74. Rf8+ Kg2 75. Rg8+ Kf2 76. Rf8+ Kg2 77. Re8 Kf2 78. Rf8+ Kg2 79. Re8 Kf2
80. Rxe2+ Kxe2 1/2-1/2

[Event "Druzynowe Mistrzostwa Polski Juniorow - II liga"]
[Site "Sypniewo k. Jastowia"]
[Date "2024-06-17"]
[Round "9.61"]
[White "Gorny, Tomasz"]
[Black "Sowa, Roch"]
[Result "0-1"]
[WhiteTitle "I"]
[BlackTitle "I"]
[WhiteElo "1876"]
[BlackElo "1707"]

1. e4 c6 2. d4 d5 3. Nc3 dxe4 4. Nxe4 Nf6 5. Nxf6+ exf6 6. Be3 Bd6 7. Bd3 O-O 8.
Ne2 Re8 9. Qd2 Bg4 10. O-O Nd7 11. Ng3 Qc7 12. Rac1 h5 13. h3 Bxh3 14. Nxh5 Bg4
15. Be2 Bxe2 16. Qxe2 f5 17. Qf3 g6 18. Bf4 Re4 19. Bxd6 Qxd6 20. Ng3 Rxd4 21.
Rfe1 Ne5 22. Qe3 Ng4 23. Qe7 Qf4 24. f3 Qxg3 25. fxg4 Rxg4 26. Re2 Rh4 27. Rf1
Qh2+ 28. Kf2 Rf4+ 29. Ke1 Qg3+ 30. Rff2 Rd4 31. c3 Rd5 32. Qe3 Qd6 33. Rf4 Rd3
34. Qe5 Rd8 35. Qxd6 R8xd6 36. Rb4 Rd7 37. Re8+ Kg7 38. Ra8 b6 39. Rc8 c5 40.
Rb5 g5 41. b4 g4 42. Re8 Rxc3 43. bxc5 Rxc5 44. Rxc5 bxc5 45. Re5 Kf6 46. Rxc5
Re7+ 47. Kf2 Re5 48. Rc6+ Re6 49. Rc2 Ra6 50. Rb2 Kg5 51. g3 Ra3 52. Kg2 f4 53.
gxf4+ Kxf4 54. Rf2+ Rf3 55. Rb2 Kg5 56. Rb7 a5 57. a4 f5 58. Rb5 Ra3 59. Rxa5
Kf4 60. Rb5 Rxa4 61. Rb2 Re4 62. Rf2+ Kg5 63. Ra2 f4 64. Rb2 Kh4 65. Kg1 f3 66.
Rh2+ Kg3 67. Rg2+ Kf4 68. Ra2 Rd4 69. Ra1 Rd2 70. Kh1 Kg3 71. Rg1+ Kh3 72. Rf1
g3 73. Kg1 Rg2+ 74. Kh1 Rh2+ 75. Kg1 f2+ 0-1

[Event "Druzynowe Mistrzostwa Polski Juniorow - II liga"]
[Site "Sypniewo k. Jastowia"]
[Date "2024-06-17"]
[Round "9.62"]
[White "Wolak, Maciej"]
[Black "Gulinski, Maciej"]
[Result "0-1"]
[WhiteTitle "II"]
[BlackTitle "II"]
[WhiteElo "1806"]
[BlackElo "1617"]

1. e4 c5 2. Ne2 Nc6 3. g3 g6 4. Bg2 Bg7 5. O-O d6 6. c3 Qb6 7. Na3 Bg4 8. h3 Be6
9. Nc2 Nf6 10. d4 Bc4 11. Re1 Bxe2 12. Rxe2 cxd4 13. Nxd4 O-O 14. Be3 Qa5 15.
f4 Rac8 16. Qb3 Qa6 17. Rae1 Nd7 18. Nxc6 bxc6 19. a3 Rb8 20. Qc2 Nb6 21. f5 Nc4
22. Bc1 Ne5 23. Rd1 Rb3 24. Rf2 Rfb8 25. Bf1 Qb6 26. Kg2 Qc5 27. Qe2 Qa5 28. g4
Nd7 29. Qe3 Nc5 30. Bc4 R3b7 31. b4 Qa4 32. Rdf1 e6 33. fxe6 fxe6 34. Ba2 Nb3
35. Rb2 Nc5 36. Rbf2 Nb3 37. Rb2 Nxc1 38. Bxe6+ Kh8 39. Qxc1 Qxa3 40. Rc2 Qa6
41. Qd2 Re7 42. Qxd6 Rbe8 43. Bf7 Be5 44. Qc5 Qd3 45. Rcf2 Rxf7 46. Rxf7 Qg3+
0-1

[Event "Druzynowe Mistrzostwa Polski Juniorow - II liga"]
[Site "Sypniewo k. Jastowia"]
[Date "2024-06-17"]
[Round "9.63"]
[White "Smolinski, Wojciech"]
[Black "Wolak, Jan"]
[Result "1-0"]
[WhiteTitle "I"]
[BlackTitle "II"]
[WhiteElo "1841"]
[BlackElo "1793"]

1. e4 g6 2. d4 Bg7 3. Nf3 d6 4. Nc3 a6 5. a4 Nd7 6. Bc4 h6 7. h3 e6 8. O-O Ne7
9. Nh2 e5 10. dxe5 Nxe5 11. Ba2 O-O 12. f4 N5c6 13. Nf3 Kh7 14. Be3 b5 15. Nd4
b4 16. Nd5 Bb7 17. Qd2 a5 18. f5 Nxd4 19. f6 Nxd5 20. fxg7 Re8 21. Bxd4 Rxe4 22.
Rxf7 Re7 23. Rf8 Qxf8 24. gxf8=Q Rxf8 25. Bxd5 Bxd5 26. Bf6 Rxf6 27. Qxd5 Re2
28. Qc6 Rff2 29. Qxc7+ Kg8 30. Qb8+ 1-0

[Event "Druzynowe Mistrzostwa Polski Juniorow - II liga"]
[Site "Sypniewo k. Jastowia"]
[Date "2024-06-17"]
[Round "9.64"]
[White "Kopia, Julian"]
[Black "Biela, Jan"]
[Result "1/2-1/2"]
[WhiteTitle "I"]
[BlackTitle "II"]
[WhiteElo "1563"]
[BlackElo "1569"]

1. e4 c5 2. Nf3 g6 3. d4 cxd4 4. Nxd4 Nc6 5. Nb3 Bg7 6. Be2 d6 7. O-O Nf6 8. Nc3
Be6 9. Bg5 O-O 10. Re1 a5 11. a4 Bxb3 12. cxb3 Nd7 13. Qd2 Nc5 14. Ra3 Bxc3 15.
bxc3 Nxe4 16. Qe3 Nxg5 17. Qxg5 e6 18. Qg3 Qf6 19. Ra2 Rac8 20. Rd2 d5 21. Red1
Rfd8 22. Rd3 Qe5 23. Qxe5 Nxe5 24. Re3 Nc6 25. Red3 Rd7 26. f4 Rcd8 27. Bf3 Kg7
28. Kf2 Ne7 29. g4 f6 30. Re1 Kf7 31. g5 Nc6 32. Red1 fxg5 33. fxg5 Ne5 34. Re3
Nxf3 35. Rxf3+ Ke7 36. Re1 Rd6 37. Rh3 Rf8+ 38. Kg2 Rf7 39. Rf1 Rg7 40. Rf4 Rd7
41. Rf6 Kd6 42. Rhf3 1/2-1/2

[Event "Druzynowe Mistrzostwa Polski Juniorow - II liga"]
[Site "Sypniewo k. Jastowia"]
[Date "2024-06-17"]
[Round "9.65"]
[White "Leks, Emilia"]
[Black "Branka, Julia"]
[Result "0-1"]
[WhiteTitle "I"]
[BlackTitle "I"]
[WhiteElo "1519"]
[BlackElo "1671"]

1. d4 Nf6 2. c4 b6 3. Nf3 Bb7 4. e3 e6 5. g3 c5 6. Bg2 cxd4 7. Qxd4 Bc5 8. Qd1
O-O 9. O-O d5 10. cxd5 Nxd5 11. a3 Nc6 12. b4 Be7 13. Bb2 Bf6 14. Qb3 Qe7 15.
Nc3 Nxc3 16. Bxc3 Rac8 17. Bb2 Rfd8 18. Rfd1 e5 19. Rab1 h6 20. h3 e4 21. Nd2
Rd3 22. Qa2 Ne5 23. Nxe4 Rxd1+ 24. Rxd1 Bxe4 25. Bxe4 Nc4 26. Bxf6 Qxe4 27. Ba1
Nxe3 28. fxe3 Rc2 29. Qd5 Qxe3+ 30. Kh1 Qf2 31. Qa8+ Kh7 32. Qe4+ f5 0-1

[Event "Druzynowe Mistrzostwa Polski Juniorow - II liga"]
[Site "Sypniewo k. Jastowia"]
[Date "2024-06-17"]
[Round "9.67"]
[White "Marchewka, Kajetan"]
[Black "Bochniak, Franciszek"]
[Result "0-1"]
[WhiteTitle "II+"]
[BlackTitle "I++"]
[WhiteElo "1743"]
[BlackElo "1936"]

1. d4 Nf6 2. c4 e6 3. Nc3 Bb4 4. f3 Bxc3+ 5. bxc3 d5 6. e3 O-O 7. cxd5 exd5 8.
Bd3 Re8 9. Ne2 c5 10. O-O cxd4 11. cxd4 Nc6 12. Bd2 b6 13. Qe1 Bb7 14. Qf2 Ne7
15. e4 dxe4 16. fxe4 Bxe4 17. Bxe4 Nxe4 18. Qxf7+ Kh8 19. Bb4 Ng6 20. Rad1 Rc8
21. d5 Nc5 22. Ng3 Rf8 23. Qxa7 Ra8 24. Qc7 Nf4 25. Qxd8 Raxd8 0-1

[Event "Druzynowe Mistrzostwa Polski Juniorow - II liga"]
[Site "Sypniewo k. Jastowia"]
[Date "2024-06-17"]
[Round "9.68"]
[White "Lonski, Aleksander"]
[Black "Jozwiak, Oliwier"]
[Result "1-0"]
[WhiteTitle "I+"]
[BlackTitle "II"]
[WhiteElo "1852"]
[BlackElo "1669"]

1. e4 e6 2. d4 d5 3. Bd3 dxe4 4. Bxe4 Nf6 5. Bf3 c5 6. Ne2 Nc6 7. Be3 cxd4 8. Nxd4
Ne5 9. O-O a6 10. Nc3 Bb4 11. Ne4 Nxf3+ 12. Qxf3 Be7 13. Rfd1 Qc7 14. Rac1 O-O
15. c4 Rd8 16. c5 Bd7 17. Bg5 Bc6 18. Nxc6 Qxc6 19. Rxd8+ Rxd8 20. Bxf6 Bxf6 21.
Nxf6+ gxf6 22. Qxf6 Rd5 23. h3 Rxc5 24. Qd8+ 1-0

[Event "Druzynowe Mistrzostwa Polski Juniorow - II liga"]
[Site "Sypniewo k. Jastowia"]
[Date "2024-06-17"]
[Round "9.69"]
[White "Chmielnicki, Michal"]
[Black "Jodlowski, Robert"]
[Result "0-1"]
[WhiteTitle "II"]
[BlackTitle "II"]
[WhiteElo "1506"]
[BlackElo "1675"]

1. e4 b6 2. d4 Bb7 3. Nc3 e6 4. Bd3 Bb4 5. Nge2 Nf6 6. Bd2 Bxc3 7. Nxc3 d5 8. e5
Ne4 9. Bxe4 dxe4 10. Be3 Nc6 11. Qd2 Qe7 12. O-O-O O-O-O 13. Rhe1 Nxe5 14. Qe2
Ng6 15. Kb1 h5 16. Bc1 f5 17. b3 Qb4 18. Qd2 c5 19. Ne2 Qxd2 20. Rxd2 cxd4 21.
Nxd4 Rd6 22. Nb5 Rxd2 23. Bxd2 Rd8 24. Bc3 Ba6 25. Nd4 Nf4 26. g3 Nd5 27. Bb2
Rd6 28. h4 g6 29. Kc1 b5 30. c3 b4 31. c4 Nc3 32. Bxc3 bxc3 33. Ne2 Rd2 34. Nxc3
Rxf2 35. Re3 Kd7 36. c5 Bd3 37. Kd1 Rc2 38. Nb1 Rxa2 39. Nc3 Rb2 40. Ke1 0-1

[Event "Druzynowe Mistrzostwa Polski Juniorow - II liga"]
[Site "Sypniewo k. Jastowia"]
[Date "2024-06-17"]
[Round "9.70"]
[White "Wites, Adam"]
[Black "Fajks, Julian"]
[Result "0-1"]
[WhiteTitle "II+"]
[BlackTitle "II"]
[WhiteElo "1657"]
[BlackElo "1652"]

1. d4 Nf6 2. c4 e6 3. Nf3 d5 4. Nc3 Bb4 5. Qc2 O-O 6. a3 Be7 7. cxd5 exd5 8. Bg5
Re8 9. e3 c6 10. Bd3 h6 11. Bh4 Ne4 12. Bxe7 Qxe7 13. Bxe4 dxe4 14. Nd2 f5 15.
b4 Be6 16. Na4 Qg5 17. O-O Nd7 18. Rae1 Nf6 19. f4 Qg6 20. Nc5 Bc8 21. Nc4 b6
22. Ne5 Qh5 23. Na4 Ba6 24. Rf2 Rxe5 25. fxe5 Ng4 26. g3 Nxf2 27. Qxf2 Qf7 28.
Qc2 Rc8 29. Rc1 Bd3 30. Qb2 Kh7 31. Qc3 Be2 32. Re1 Bf3 33. Nb2 b5 34. Rc1 g5
35. Qd2 g4 36. d5 Rd8 37. d6 Qd7 38. Nd1 h5 39. Nc3 h4 40. Nxb5 hxg3 41. hxg3
Kg7 42. Nd4 Rh8 43. Nxf3 gxf3 44. Qb2 Qe6 45. Rc2 Qh6 46. Rh2 Qxe3+ 47. Kf1 Qd3+
48. Ke1 Rxh2 49. Qxh2 e3 50. Qb2 f2+ 0-1

[Event "Druzynowe Mistrzostwa Polski Juniorow - II liga"]
[Site "Sypniewo k. Jastowia"]
[Date "2024-06-17"]
[Round "9.71"]
[White "Dushnitska, Yuliia"]
[Black "Grzesik, Nikola"]
[Result "1-0"]
[WhiteTitle "II+"]
[BlackTitle "I"]
[WhiteElo "1455"]
[BlackElo "1635"]

1. e4 c5 2. Nf3 Nc6 3. d4 cxd4 4. Nxd4 g6 5. Nc3 Bg7 6. Be3 d6 7. Qd2 Nf6 8. Bc4
O-O 9. f3 Na5 10. Be2 a6 11. O-O-O b5 12. g4 Nc4 13. Bxc4 bxc4 14. h4 h5 15. gxh5
Nxh5 16. f4 Kh7 17. f5 Bd7 18. Rdg1 Bf6 19. Bg5 Rg8 20. fxg6+ fxg6 21. Nd5 Bxg5
22. hxg5 Kg7 23. Nf4 Nxf4 24. Qxf4 e5 25. Rh7+ Kxh7 26. Qh4+ Kg7 27. Qh6+ Kf7
28. Rf1+ Bf5 29. Nxf5 gxf5 30. Rxf5+ Ke8 31. Qe6+ Qe7 32. Qxg8+ Kd7 33. Qxa8 Ke6
34. Qg8+ Kd7 35. Rf7 1-0

[Event "Druzynowe Mistrzostwa Polski Juniorow - II liga"]
[Site "Sypniewo k. Jastowia"]
[Date "2024-06-17"]
[Round "9.72"]
[White "Smagala, Oliwia"]
[Black "Kalata, Julia"]
[Result "1-0"]
[WhiteTitle "II"]
[BlackTitle "I"]
[WhiteElo "1528"]
[BlackElo "1482"]

1. e4 c5 2. Nf3 a6 3. Nc3 d6 4. d4 cxd4 5. Nxd4 e5 6. Nb3 Nf6 7. Be2 Be7 8. Qd3
Be6 9. Be3 O-O 10. O-O Qc7 11. Rfd1 Nbd7 12. Nd5 Bxd5 13. exd5 Rac8 14. c3 Nb6
15. Bxb6 Qxb6 16. Rab1 h6 17. h3 Qc7 18. Nd2 Qd7 19. Nc4 e4 20. Qg3 Qf5 21. Ne3
Qd7 22. Ng4 Nxg4 23. Bxg4 f5 24. Bh5 Bf6 25. Qg6 Rce8 26. Qg3 Be5 27. f4 Re7 28.
fxe5 Rxe5 29. c4 f4 30. Qg4 Qe7 31. Qe2 f3 32. Qe3 f2+ 33. Kh1 Rxh5 34. Rf1 Rhf5
35. Rbc1 Qg5 36. Qxe4 Qg3 37. Rc2 Qe5 38. Qxe5 dxe5 39. Re2 g5 40. d6 h5 41. g3
R8f7 42. Kg2 Kf8 43. Rfxf2 Rxf2+ 44. Rxf2 Rxf2+ 45. Kxf2 Ke8 46. Ke3 Kd7 47. c5
a5 48. Ke4 Ke6 49. d7 Kxd7 50. Kxe5 h4 51. g4 Kc6 52. Kf5 Kxc5 53. Kxg5 Kd5 54.
Kxh4 1-0

[Event "Druzynowe Mistrzostwa Polski Juniorow - II liga"]
[Site "Sypniewo k. Jastowia"]
[Date "2024-06-17"]
[Round "9.73"]
[White "Skrzypinski, Jan"]
[Black "Pulit, Kacper"]
[Result "1-0"]
[WhiteTitle "I++"]
[BlackTitle "II+"]
[WhiteElo "1942"]
[BlackElo "1728"]

1. d4 Nf6 2. Bf4 g6 3. Nc3 Bg7 4. e4 d6 5. Qd2 O-O 6. O-O-O a6 7. Bh6 b5 8. Bxg7
Kxg7 9. Bd3 Bb7 10. e5 Nfd7 11. Be4 Bxe4 12. Nxe4 Nc6 13. f4 Qb8 14. h4 Nb6 15.
h5 Nc4 16. Qf2 Qb6 17. f5 Qa5 18. hxg6 fxg6 19. Qh4 h5 20. f6+ Kf7 21. Ng5+ Ke8
22. Qe4 d5 23. Qxd5 Nb4 24. f7+ Rxf7 25. Qxa8+ Kd7 26. e6+ Kd6 27. Nxf7+ Kxe6
28. d5+ 1-0

[Event "Druzynowe Mistrzostwa Polski Juniorow - II liga"]
[Site "Sypniewo k. Jastowia"]
[Date "2024-06-17"]
[Round "9.74"]
[White "Penar, Marcin"]
[Black "Stachowiak, Bruno"]
[Result "1-0"]
[WhiteTitle "II"]
[BlackTitle "II+"]
[WhiteElo "1715"]
[BlackElo "1815"]

1. d4 Nf6 2. Bf4 g6 3. Nf3 Bg7 4. e3 d6 5. Bd3 O-O 6. Nbd2 b6 7. c3 Bb7 8. Qc2
Nbd7 9. Ne4 e5 10. Bg5 d5 11. Nxf6+ Bxf6 12. Bxf6 Qxf6 13. Nxe5 Nxe5 14. dxe5
Qxe5 15. h4 d4 16. cxd4 Qa5+ 17. Qc3 Qxc3+ 18. bxc3 Bxg2 19. Rg1 Bf3 20. Be2 Bxe2
21. Kxe2 Kg7 22. h5 Kf6 23. hxg6 hxg6 24. Rh1 Rh8 25. f4 Rhe8 26. Kd3 Re7 27.
Rae1 c6 28. e4 Rd8 29. f5 gxf5 30. e5+ Ke6 31. Rh6+ Kd7 32. Rd6+ Kc7 33. Rxd8
Kxd8 34. Rf1 Re6 35. Rxf5 Ke7 36. Kc4 Rh6 37. a4 a6 38. Kb4 Rh4 39. Rf6 c5+ 40.
Kc4 cxd4 41. cxd4 b5+ 42. axb5 axb5+ 43. Kc5 Rh1 44. Rb6 Rc1+ 45. Kxb5 Rc2 46.
Rc6 Rb2+ 47. Kc5 Ra2 48. Kd5 Rd2 49. Rc7+ Ke8 50. Kc5 Ra2 51. Kd6 Ra6+ 52. Rc6
Ra8 53. d5 Rd8+ 54. Kc5 Ra8 55. Kb6 Kd8 56. Rc7 Ke8 57. d6 Ra1 58. Kc6 Rc1+ 59.
Kb7 Ra1 60. Re7+ Kf8 61. Kc6 Ra6+ 62. Kb7 Ra1 63. e6 fxe6 64. Rxe6 Rc1 65. d7
1-0

[Event "Druzynowe Mistrzostwa Polski Juniorow - II liga"]
[Site "Sypniewo k. Jastowia"]
[Date "2024-06-17"]
[Round "9.75"]
[White "Jasinski, Bartlomiej"]
[Black "Balis, Sebastian"]
[Result "0-1"]
[WhiteTitle "II"]
[BlackTitle "I"]
[WhiteElo "1489"]
[BlackElo "1675"]

1. d4 d5 2. Bf4 Nf6 3. Nf3 e6 4. e3 Bd6 5. Bg3 O-O 6. Bd3 b6 7. c3 Bb7 8. Nbd2
c5 9. Ne5 Nc6 10. Nxc6 Bxc6 11. Nf3 c4 12. Bc2 Qc7 13. Ne5 b5 14. Ng4 Nd7 15.
Bxd6 Qxd6 16. h4 f5 17. Nh2 f4 18. exf4 Qxf4 19. Qe2 e5 20. g3 Qf7 21. dxe5 Nxe5
22. O-O Rae8 23. Qd2 d4 24. cxd4 Nf3+ 0-1

[Event "Druzynowe Mistrzostwa Polski Juniorow - II liga"]
[Site "Sypniewo k. Jastowia"]
[Date "2024-06-17"]
[Round "9.76"]
[White "Schiller, Marcin"]
[Black "Mucha, Wojciech"]
[Result "1-0"]
[WhiteTitle "II+"]
[BlackTitle "II"]
[WhiteElo "1636"]
[BlackElo "1453"]

1. d4 e5 2. dxe5 Nc6 3. Nf3 Qe7 4. Nc3 Nxe5 5. e4 Nf6 6. Bg5 c6 7. Be2 h6 8. Bf4
Nxf3+ 9. Bxf3 g5 10. Be3 Bg7 11. Qd2 g4 12. Be2 Nxe4 13. Nxe4 Qxe4 14. O-O-O d5
15. f3 gxf3 16. Bxf3 Qa4 17. a3 Be6 18. Bc5 Qc4 19. Qf2 b6 20. Be3 c5 21. Kb1
O-O-O 22. Be2 Qe4 23. Ba6+ Kc7 24. Bxc5 d4 25. Be7 Ba2+ 26. Kxa2 Qxe7 27. Rhe1
Qf6 28. Qg3+ Rd6 29. Qb3 Rc6 30. Rf1 Qe5 31. Rxf7+ Kd8 1-0

[Event "Druzynowe Mistrzostwa Polski Juniorow - II liga"]
[Site "Sypniewo k. Jastowia"]
[Date "2024-06-17"]
[Round "9.77"]
[White "Gac-mytych, Sara"]
[Black "Kretowicz, Daria"]
[Result "1/2-1/2"]
[WhiteTitle "I"]
[BlackTitle "I"]
[WhiteElo "1586"]
[BlackElo "1544"]

1. e4 c5 2. c3 Nf6 3. e5 Nd5 4. d4 cxd4 5. cxd4 d6 6. Bc4 e6 7. Nf3 Nc6 8. O-O
Be7 9. Bxd5 exd5 10. Nc3 dxe5 11. dxe5 Be6 12. Re1 O-O 13. Nd4 Qd7 14. Bf4 a6
15. Rc1 Rfd8 16. Nce2 Bb4 17. Rf1 Rac8 18. Nxc6 Rxc6 19. Rxc6 Qxc6 20. Bg5 Rc8
21. Nd4 Qd7 22. Qb3 Bc5 23. Be3 Bxd4 24. Bxd4 Rc4 25. Qe3 h6 26. Rc1 Rxc1+ 27.
Qxc1 Qa4 28. Be3 Qxa2 29. h3 Qc4 30. Qxc4 dxc4 31. Bc5 b5 32. Bb4 f6 33. exf6
gxf6 34. f3 Kf7 35. Kf2 Ke8 36. Ke3 Kd7 37. Kd4 Kc6 38. Ba5 1/2-1/2

[Event "Druzynowe Mistrzostwa Polski Juniorow - II liga"]
[Site "Sypniewo k. Jastowia"]
[Date "2024-06-17"]
[Round "9.79"]
[White "Wiewiora, Mateusz"]
[Black "Serewa, Antoni"]
[Result "0-1"]
[WhiteTitle "II"]
[BlackTitle "I"]
[WhiteElo "1739"]
[BlackElo "1890"]

1. e4 c6 2. d4 d5 3. Nc3 dxe4 4. Nxe4 Bf5 5. Ng3 Bg6 6. h4 h6 7. h5 Bh7 8. Nf3
Nd7 9. Bd3 Bxd3 10. Qxd3 e6 11. Bd2 Ngf6 12. O-O-O Qc7 13. Kb1 O-O-O 14. Ne4 Nxe4
15. Qxe4 Bd6 16. g4 Nf6 17. Qe2 Nxg4 18. Rdg1 f5 19. Qxe6+ Qd7 20. Qxd7+ Rxd7
21. Rg2 Be7 22. Bc3 Bf6 23. Ne5 Bxe5 24. dxe5 Re8 25. Re1 Rde7 26. f4 b6 27. b3
Re6 28. Rd2 Rd8 29. Rxd8+ Kxd8 30. Rd1+ Ke7 31. Bd4 c5 32. Bg1 g5 33. hxg6 Rxg6
34. Rf1 h5 35. Bf2 Nxf2 36. Rxf2 h4 37. Kc1 h3 38. Rh2 Rg1+ 39. Kb2 Rg3 40. a4
a6 41. Rd2 Rf3 42. Rh2 Ke6 43. Rh1 b5 44. axb5 axb5 45. Rh2 b4 46. Rh1 Rxf4 47.
Rxh3 Kxe5 48. Rh8 Re4 49. Rc8 Kd4 50. Kc1 Re5 51. Kd2 f4 52. Rf8 Ke4 53. Ke2 Rd5
54. Re8+ Kd4 55. Kf3 Kc3 56. Re2 Rd2 57. Kxf4 Kxc2 58. Re5 Kxb3 59. Rxc5 Re2 60.
Rc8 Kb2 61. Kf3 Re7 62. Kf2 b3 63. Kf1 Kb1 64. Kf2 b2 65. Kf3 Ra7 0-1